1369 1073 1551 1475 1401 1955 1368 1498 1993 1201 1945 1430 1093 1882 1255 1060 1844 1891 1015 1172 1919 1126 1008 1316 1069 1864 1311 1282 1945 1799 1999 1825 1994 1236 1080 1425 1537 1287 1175 1546 1120 1258 1703 1835 1705 1847 1493 1546 1387 1494 1191 1468 1471 1273 1358 1891 1228 1909 1690 1579 1377 1099 1097 1355 1428 1953 1769 1348 1175 1886 1440 1010 1926 1600 1664 1010 1604 1911 1755 1185 1115 1802 1558 1124 1771 1265 1787 1881 1196 1328 1658 1901 1449 1964 1076 1386 1286 1076 1338 BCNSPRNW ULIB Ver.6.0+V

เปลี่ยนเป็นภาษาไทย

Change to English
 แสดงรายละเอียดบรรณานุกรม
  กลับหน้าหลัก

Brief Record : Get Marc (ISO 2709) : E-mail record : QR code < ปิดหน้าต่าง
LEADER : 00000nas 2200000uu 4500
001    13399124319
003     ULIB
008    020711s|||| th a 000 0 tha d
022    08578575
110    กรมควบคุมโรค
245    วารสารโรคเอดส์(วิทยาเขตนครสวรรค์)/^cกรมควบคุมโรค
260    นนทบุรี :^bกรมควบคุมโรค,^cม.ป.ป.
300    ^b26 ซม.
310    ^aรายสี่เดือน
850 ^a ULIB:campus^bปีที่ 30 ฉบับที่ 2 ฉ.1 ;ปีที่ 30 ฉบับที่ 3 ฉ.1 ;ปีที่ 27 ฉบับที่ 1 ฉ.1 ;ปีที่ 27 ฉบับที่ 2 ฉ.1 ;ปีที่ 28 ฉบับที่ 1 ฉ.1 ;ปีที่ 31 ฉบับที่ 2 ฉ.1 ;ปีที่ 31 ฉบับที่ 2 ฉ.1
850 ^a ULIB^bปีที่ 29 ฉบับที่ 3 ฉ.1
945    ^p0^l0^i802222
945    ^p0^l0^i802300
945    ^p0^l0^i801196
945    ^p0^l0^i801342
945    ^p0^l0^i801595
945    ^p0^l0^i904615
945    ^p0^l0^i802387
945    ^p0^l0^i802388
999    ^aทศพร เกษรทอง
รายการนี้ยังไม่มีแท็ก
คุณยังไม่ได้ล็อกอิน คุณสามารถมีกิจกรรมร่วมกับเว็บไซต์ได้ แต่ต้องล็อกอินก่อน ::
  ล็อกอิน

รายการสื่อสารสนเทศ (วารสาร)

ดูแบบ: กล่อง รายการ
ARRIVED
ปีที่ 27 ฉบับที่ 1 ฉ.1
สถานที่: ห้องสมุดวิทยาเขตนครสวรรค์ >วารสาร
ARRIVED
ปีที่ 27 ฉบับที่ 2 ฉ.1
สถานที่: ห้องสมุดวิทยาเขตนครสวรรค์ >วารสาร
ARRIVED
ปีที่ 28 ฉบับที่ 1 ฉ.1
สถานที่: ห้องสมุดวิทยาเขตนครสวรรค์ >วารสาร
ARRIVED
ปีที่ 29 ฉบับที่ 3 ฉ.1
สถานที่: ห้องสมุดวิทยาเขตสวรรค์ประชารักษ์ >วารสาร
ARRIVED
ปีที่ 30 ฉบับที่ 2 ฉ.1
สถานที่: ห้องสมุดวิทยาเขตนครสวรรค์ >วารสาร
ARRIVED
ปีที่ 30 ฉบับที่ 3 ฉ.1
สถานที่: ห้องสมุดวิทยาเขตนครสวรรค์ >วารสาร
ARRIVED
ปีที่ 31 ฉบับที่ 2 ฉ.1
สถานที่: ห้องสมุดวิทยาเขตนครสวรรค์ >วารสาร

BibComment


ยังไม่เคยถูกคอมเมนท์

คอมเมนท์ทรัพยากรรายการนี้
  คอมเมนท์: วารสารโรคเอดส์วิท..


 Copyright 2026. Bcnsprnw @Library